Técnica del reportaje
Guardat en:
| Autors principals: | , |
|---|---|
| Format: | Llibre |
| Idioma: | espanyol |
| Publicat: |
La Habana
Pablo de la Torriente
1988
|
| Matèries: | |
| Etiquetes: |
Afegir etiqueta
Sense etiquetes, Sigues el primer a etiquetar aquest registre!
|
MARC
| LEADER | 00000nam a2200000 a 4500 | ||
|---|---|---|---|
| 001 | UCY5997 | ||
| 003 | CL-VaPUC | ||
| 008 | 950521e19880000CU |||||||||||||||||spa|d | ||
| 082 | 0 | 4 | |a 070.4 |b SOD |2 21 |
| 100 | 0 | |a Sodré, Muniz |e author |9 335537 | |
| 700 | 0 | |a Ferrari, María Helena |e author |9 335538 | |
| 245 | 1 | 0 | |a Técnica del reportaje |
| 246 | 1 | 0 | |a Notas sobre la narrativa periodística |
| 300 | |a 185 p | ||
| 942 | |c BK | ||
| 945 | |d 19950521 00:00:00 |a rbrito | ||
| 260 | |a La Habana |b Pablo de la Torriente |c 1988 | ||
| 650 | 0 | |a Periodismo |9 310113 | |
| 650 | 0 | |a Periodistas |9 335499 | |
| 650 | 0 | |a Composición literaria |9 324494 | |
| 650 | 0 | |a Noticias periodísticas |9 335529 | |
| 650 | 0 | |a Comunicación |9 257251 | |
| 583 | |a last modification |c 19950521 00:00:00 |k Rodrigo Vera | ||
| 999 | |c 233591 |d 233589 | ||
| 952 | |0 0 |1 0 |4 0 |6 070_400000000000000_SOD_1988 |7 0 |8 A |9 239210 |a BIBCUR |b BIBCUR |d 2019-11-18 |i 3086283 |o 070.4 SOD 1988 |p 3086283 |r 2025-04-22 |w 2019-11-18 |y BK |k PER | ||